000 01686cam a2200493 a 4500
001 2217
003 FISKH
005 20250407113858.0
008 070810s2007 nyuab c 000 1 eng
010 _a 2007029612
020 _a9780061232756 (trade bdg.)
020 _a0061232750 (trade bdg.)
020 _a9780061232763 (lib. bdg.)
020 _a0061232769 (lib. bdg.)
035 _a(OCoLC)ocn144226735
035 _a(OCoLC)144226735
_z(OCoLC)144226722
040 _aDLC
_cDLC
_dDLC
_beng
042 _alcac
_alcac
050 0 0 _aPZ7.S86037
_bCam 2007
082 0 0 _a421
_222
100 1 _aStine, R. L.
245 1 0 _aCalling all birdbrains /
_cR.L. Stine ; illustrations by Trip Park.
246 3 _aCalling all bird brains
260 _aNew York :
_bHarperCollinsPublishers,
_c2007.
300 _a108, 5 pages
_billustrations ; map ;
_c21 cm
490 1 _aRotten School ;
_vBook 15
505 _aJ
520 _aAs the annual I. B. Rotten Competition approaches, the school's egotistical schemer, Bernie Bridges, fears that his pet parrot, Lippy, is no longer a good luck charm.
521 8 _a460
_bLexile
521 8 _aJ
_bRaz-Plus
650 0 _aLuck
_vJuvenile fiction.
650 0 _aParrots
_vJuvenile fiction.
650 0 _aBoarding schools
_vJuvenile fiction.
650 0 _aSchools
_vFiction
_vJuvenile fiction.
650 0 _aContests
_vJuvenile fiction.
650 1 _aLuck
_vFiction.
650 1 _aParrots
_vFiction.
650 1 _aBoarding schools
_vFiction.
650 1 _aSchools
_vFiction.
650 1 _aContests
_vFiction.
700 1 _aPark, Trip,
_eillustrator
906 _a7
_bcbc
_corignew
_d1
_eecip
_f20
_gy-gencatlg
942 _2ddc
_cBK
_n0
999 _c2217
_d2217